000 00594 a2200181 4500
999 _c183192
_d183192
005 20211220124706.0
010 _aENG-130420
020 _a978-81-952858-4-6
_c1080.00
035 _aEN-113952
037 _bDBAD/PUB
082 _a335.033054
_b1
100 _aChadha, Vivek
245 _aCDS AND BEYOND:
_cVivek Chadha
_bIntegration of the Indian Armed Forces
260 _aNew Delhi
_bKW Publishers Pvt Ltd.
_c2021
270 _a4676/21, First Floor, Ansari Road, Daryaganj
_bNew Delhi
_e110002
300 _avii,170p.
_c21cm (hbk)
942 _adpl
_cEN
_2ddc
_h355.033054
_mCHA